[Event "IECC KO-5069"]
[Site "IECC email"]
[Date "2009.03.24"]
[Round "?"]
[White "Jordaan, Wayne"]
[Black "Hiaja, Herve"]
[Result "1-0"]
[WhiteElo "1799"]
[BlackElo "1384"]
[PlyCount "37"]
[EventDate "2008.??.??"]
[EventType "match (corr)"]
[EventRounds "2"]
[SourceTitle "Telechess CBM 137"]
[Source "ChessBase"]
[SourceDate "2010.07.15"]
[SourceVersion "1"]
[SourceVersionDate "2010.07.15"]
[SourceQuality "1"]
[WhiteTeam "South Africa"]
[BlackTeam "Madagascar"]
[WhiteTeamCountry "RSA"]
[BlackTeamCountry "MAD"]

1. d4 d5 2. c4 e6 3. Nc3 Nf6 4. Nf3 Be7 5. Bg5 h6 6. Bh4 0-0 7. e3 c6 8. Be2 Nbd7 9. Qd3 Re8 10. 0-0 Nf8 11. Qc2 N6h7 12. Bxe7 Qxe7 13. Rac1 Ng6 14. Bd3 Nhf8 15. Rfe1 Qf6 16. Qb3 Nd7 17. cxd5 exd5 18. e4 dxe4 19. Nxe4 1-0

[Event "IECC CL5-2009.03 email"]
[Site "IECC email"]
[Date "2009.03.10"]
[Round "?"]
[White "Hiaja, Herve"]
[Black "D'Aragona, Vittoria"]
[Result "1-0"]
[WhiteElo "1434"]
[BlackElo "1354"]
[PlyCount "38"]
[EventDate "2009.??.??"]
[EventType "tourn (corr)"]
[EventRounds "4"]
[SourceTitle "Corr 2011"]
[Source "ChessBase"]
[SourceDate "2010.08.31"]
[SourceVersion "1"]
[SourceVersionDate "2010.08.31"]
[SourceQuality "1"]
[WhiteTeam "Madagascar"]
[BlackTeam "Italy"]
[WhiteTeamCountry "MAD"]
[BlackTeamCountry "ITA"]

1. e4 e6 2. c4 d5 3. cxd5 exd5 4. e5 Nc6 5. Nf3 d4 6. Bb5 Qd5 7. Qe2 Bg4 8. 0-0 0-0-0 9. Bxc6 Qxc6 10. d3 Qg6 11. Bf4 Ne7 12. a4 Re8 13. Nbd2 f6 14. Qe4 Qxe4 15. Nxe4 Ng6 16. Bd2 Bxf3 17. gxf3 Nxe5 18. Kg2 Nxd3 19. b3 Rd8 1-0

[Event "IECC CL5-2009.03 email"]
[Site "IECC email"]
[Date "2009.03.10"]
[Round "?"]
[White "Hiaja, Herve"]
[Black "Lee, Richard Henry"]
[Result "0-1"]
[WhiteElo "1407"]
[BlackElo "1486"]
[PlyCount "56"]
[EventDate "2009.??.??"]
[EventType "tourn (corr)"]
[EventRounds "4"]
[SourceTitle "Corr 2011"]
[Source "ChessBase"]
[SourceDate "2010.08.31"]
[SourceVersion "1"]
[SourceVersionDate "2010.08.31"]
[SourceQuality "1"]
[WhiteTeam "Madagascar"]
[BlackTeam "US of America"]
[WhiteTeamCountry "MAD"]
[BlackTeamCountry "USA"]

1. e4 c5 2. Nf3 d6 3. d4 cxd4 4. Nxd4 Nf6 5. Nc3 g6 6. Bc4 Bg7 7. Be3 Ng4 8. 0-0 Nc6 9. Nxc6 bxc6 10. Bd2 Ne5 11. Bb3 0-0 12. Rb1 Qd7 13. f3 Rb8 14. Qe2 Rb6 15. Rfd1 Ba6 16. Qf2 c5 17. Nd5 Rb7 18. a3 Bc4 19. Bxc4 Nxc4 20. Bc3 Nxb2 21. Bxb2 Bxb2 22. Qh4 Re8 23. c4 Kf8 24. Qxh7 Bd4+ 25. Kh1 Qa4 26. Qh6+ Bg7 27. Qd2 Reb8 28. Rxb7 Rxb7 0-1

[Event "IECC CL6-2008.10 email"]
[Site "IECC email"]
[Date "2008.12.05"]
[Round "?"]
[White "Paluch, Andrzej"]
[Black "Hiaja, Herve"]
[Result "1-0"]
[WhiteElo "1451"]
[BlackElo "1378"]
[PlyCount "63"]
[EventDate "2008.??.??"]
[EventType "tourn (corr)"]
[EventRounds "4"]
[SourceTitle "Corr 2011"]
[Source "ChessBase"]
[SourceDate "2010.08.31"]
[SourceVersion "1"]
[SourceVersionDate "2010.08.31"]
[SourceQuality "1"]
[WhiteTeam "Poland"]
[BlackTeam "Madagascar"]
[WhiteTeamCountry "POL"]
[BlackTeamCountry "MAD"]

1. d4 d5 2. Nf3 e6 3. c4 Nf6 4. Bg5 Be7 5. Nc3 h6 6. Bh4 0-0 7. e3 Nbd7 8. Qc2 Re8 9. Be2 Nf8 10. 0-0 c6 11. Rfd1 Ng6 12. Bg3 Bd6 13. Bxd6 Qxd6 14. Bd3 Nf8 15. a4 Qe7 16. a5 N6d7 17. Qa4 Nf6 18. a6 bxa6 19. Ne5 Bb7 20. Nxc6 Qd6 21. Ne5 N8d7 22. c5 Qc7 23. Nxd7 Nxd7 24. Bxa6 Bc6 25. Qa5 Qxa5 26. Rxa5 Reb8 27. Nb5 Bxb5 28. Bxb5 Rd8 29. Rda1 Nf6 30. Rxa7 Rxa7 31. Rxa7 Rb8 32. c6 1-0

[Event "IECC CL6-2008.09 email"]
[Site "IECC email"]
[Date "2008.11.10"]
[Round "?"]
[White "Hiaja, Herve"]
[Black "Foletta, Ian"]
[Result "1-0"]
[WhiteElo "1355"]
[BlackElo "1035"]
[PlyCount "51"]
[EventDate "2008.??.??"]
[EventType "tourn (corr)"]
[EventRounds "4"]
[SourceTitle "Corr 2013"]
[Source "ChessBase"]
[SourceDate "2012.11.12"]
[SourceVersion "1"]
[SourceVersionDate "2012.11.12"]
[SourceQuality "1"]
[WhiteTeam "Greece"]
[BlackTeam "Brazil"]
[WhiteTeamCountry "GRE"]
[BlackTeamCountry "BRA"]

1. e4 c5 2. Nf3 d6 3. d4 cxd4 4. Nxd4 Nf6 5. Nc3 Nc6 6. Bc4 e6 7. f3 Be7 8. Be3 0-0 9. Qd2 Bd7 10. 0-0-0 Qc7 11. Bb3 Rac8 12. g4 e5 13. Nde2 a6 14. h4 Na5 15. h5 Nxb3+ 16. axb3 h6 17. g5 Nh7 18. gxh6 gxh6 19. Bxh6 Rfd8 20. Rhg1+ Kh8 21. Bg7+ Kg8 22. Bf6+ Kf8 23. Qh6+ Ke8 24. Rg8+ Nf8 25. Bxe7 Qa5 26. Qxf8# 1-0

[Event "IECC CL6-2008.09 email"]
[Site "IECC email"]
[Date "2008.11.10"]
[Round "?"]
[White "Hiaja, Herve"]
[Black "Paluch, Andrzej"]
[Result "0-1"]
[WhiteElo "1375"]
[BlackElo "1435"]
[PlyCount "110"]
[EventDate "2008.??.??"]
[EventType "tourn (corr)"]
[EventRounds "4"]
[SourceTitle "Corr 2013"]
[Source "ChessBase"]
[SourceDate "2012.11.12"]
[SourceVersion "1"]
[SourceVersionDate "2012.11.12"]
[SourceQuality "1"]
[WhiteTeam "Greece"]
[BlackTeam "Brazil"]
[WhiteTeamCountry "GRE"]
[BlackTeamCountry "BRA"]

1. e4 e5 2. Nf3 Nc6 3. Bb5 a6 4. Ba4 Nf6 5. 0-0 Nxe4 6. Qe2 Nc5 7. Bxc6 dxc6 8. Nxe5 Be7 9. Re1 Be6 10. c3 Nd7 11. d4 Nxe5 12. dxe5 Qd5 13. Rd1 Qc4 14. Qe1 Qg4 15. Rd3 0-0 16. Rg3 Qh5 17. Bf4 Bh4 18. Re3 Rfd8 19. Nd2 Qf5 20. Bg3 Bg5 21. Re2 Rd3 22. Nf3 Rxf3 23. gxf3 Qxf3 24. Re3 Bxe3 25. Qxe3 Qxe3 26. fxe3 Rd8 27. Bf2 Rd2 28. b3 Bf5 29. Kg2 g5 30. Kf1 h6 31. Ke1 Rc2 32. c4 c5 33. Kf1 Kg7 34. Kg2 f6 35. Kf3 fxe5 36. Kg2 Kf6 37. Kg1 Bh3 38. Bg3 Rg2+ 39. Kh1 Re2 40. a3 Rxe3 41. b4 Re4 42. bxc5 Rxc4 43. Re1 Rxc5 44. Kg1 b5 45. Kf2 Rd5 46. Ke3 c5 47. Rc1 c4 48. Rc3 Kf5 49. a4 Rd4 50. axb5 axb5 51. Ra3 Bg4 52. Ra8 Rd3+ 53. Kf2 c3 54. Rf8+ Ke4 55. Re8 c2 0-1

[Event "IECC CL6-2008.08 email"]
[Site "IECC email"]
[Date "2008.10.14"]
[Round "?"]
[White "D'Aragona, Vittoria"]
[Black "Hiaja, Herve"]
[Result "1-0"]
[WhiteElo "1321"]
[BlackElo "1350"]
[PlyCount "37"]
[EventDate "2008.??.??"]
[EventType "tourn (corr)"]
[EventRounds "4"]
[SourceTitle "Corr 2013"]
[Source "ChessBase"]
[SourceDate "2012.11.12"]
[SourceVersion "1"]
[SourceVersionDate "2012.11.12"]
[SourceQuality "1"]
[WhiteTeam "Greece"]
[BlackTeam "Brazil"]
[WhiteTeamCountry "GRE"]
[BlackTeamCountry "BRA"]

1. e4 e5 2. Nf3 Nc6 3. d4 exd4 4. Bc4 Bc5 5. c3 Nf6 6. cxd4 Bb4+ 7. Bd2 Bxd2+ 8. Nbxd2 0-0 9. d5 Na5 10. e5 Re8 11. 0-0 Ng4 12. Bd3 b6 13. Re1 f6 14. Qc2 h6 15. b4 Nb7 16. d6 Nxe5 17. dxc7 Qe7 18. Bc4+ Kh8 19. Nh4 1-0

[Event "IECC M-5497"]
[Site "IECC email"]
[Date "2006.06.17"]
[Round "?"]
[White "Hiaja, Herve"]
[Black "Knickerbocker, Andrew"]
[Result "1-0"]
[WhiteElo "1333"]
[BlackElo "1198"]
[PlyCount "26"]
[EventDate "2006.??.??"]
[EventType "tourn (corr)"]
[EventRounds "10"]
[SourceTitle "Corr 2020"]
[Source "ChessBase"]
[SourceDate "2019.09.30"]
[SourceVersion "1"]
[SourceVersionDate "2019.09.30"]
[SourceQuality "1"]
[WhiteTeam "Madagascar"]
[BlackTeam "United States"]
[WhiteTeamCountry "MAD"]
[BlackTeamCountry "USA"]

1. e4 d5 2. exd5 Qxd5 3. Nc3 Qa5 4. d4 Nf6 5. Nf3 Bg4 6. Be2 Nc6 7. Be3 e6 8. 0-0 Bb4 9. Qe1 Ne4 10. Bd2 Nxd2 11. Qxd2 Bxf3 12. Bxf3 0-0-0 13. Bxc6 bxc6 1-0

[Event "IECC M-5497"]
[Site "IECC email"]
[Date "2006.06.17"]
[Round "?"]
[White "Knickerbocker, Andrew"]
[Black "Hiaja, Herve"]
[Result "0-1"]
[WhiteElo "1210"]
[BlackElo "1321"]
[PlyCount "25"]
[EventDate "2006.??.??"]
[EventType "tourn (corr)"]
[EventRounds "10"]
[SourceTitle "Corr 2020"]
[Source "ChessBase"]
[SourceDate "2019.09.30"]
[SourceVersion "1"]
[SourceVersionDate "2019.09.30"]
[SourceQuality "1"]
[WhiteTeam "United States"]
[BlackTeam "Madagascar"]
[WhiteTeamCountry "USA"]
[BlackTeamCountry "MAD"]

1. e4 e5 2. f4 d5 3. Nf3 dxe4 4. Nxe5 Nd7 5. d4 Ngf6 6. Bc4 Nxe5 7. fxe5 Nd5 8. Bxd5 Qxd5 9. Nc3 Bb4 10. Bd2 Qxd4 11. Qh5 e3 12. Qe2 exd2+ 13. Kd1 0-1

[Event "IECC M-5490"]
[Site "IECC email"]
[Date "2006.05.31"]
[Round "?"]
[White "Harper, Roy"]
[Black "Hiaja, Herve"]
[Result "0-1"]
[WhiteElo "1305"]
[BlackElo "1326"]
[PlyCount "109"]
[EventDate "2006.??.??"]
[EventType "tourn (corr)"]
[EventRounds "10"]
[SourceTitle "Corr 2020"]
[Source "ChessBase"]
[SourceDate "2019.09.30"]
[SourceVersion "1"]
[SourceVersionDate "2019.09.30"]
[SourceQuality "1"]
[WhiteTeam "United States"]
[BlackTeam "Madagascar"]
[WhiteTeamCountry "USA"]
[BlackTeamCountry "MAD"]

1. e4 e5 2. Nf3 Nc6 3. Bc4 Bc5 4. 0-0 Nf6 5. d3 d6 6. c3 0-0 7. b4 Bb6 8. a4 a5 9. b5 Ne7 10. Be3 c6 11. Bxb6 Qxb6 12. bxc6 bxc6 13. Nbd2 Ba6 14. Rb1 Qc7 15. Bxa6 Rxa6 16. Qb3 Rc8 17. Qb7 Ra7 18. Qxc7 Rcxc7 19. Nc4 Nc8 20. Rfe1 Nd7 21. d4 f6 22. Nfd2 Kf7 23. f3 Ke6 24. Rec1 g6 25. Nb3 Ncb6 26. Nxb6 Nxb6 27. Nc5+ dxc5 28. Rxb6 cxd4 29. cxd4 exd4 30. Rcxc6+ Rxc6 31. Rxc6+ Ke7 32. Kf2 Rb7 33. Rc4 Rb4 34. Rc7+ Kd6 35. Rxh7 Rxa4 36. Ke2 Ra3 37. Rf7 Ke6 38. Ra7 g5 39. Ra8 Ke7 40. Kd2 Kd7 41. Ra6 Ke7 42. Ra8 Ra2+ 43. Kd3 Rxg2 44. Rxa5 Rxh2 45. Kxd4 Rh4 46. Ra7+ Kf8 47. Kd5 g4 48. f4 g3 49. Ra3 Rg4 50. e5 fxe5 51. fxe5 g2 52. Ra8+ Kg7 53. Ra7+ Kg6 54. Ra6+ Kf5 55. Rf6+ 0-1

[Event "IECC KO email"]
[Site "IECC email"]
[Date "2003.01.02"]
[Round "?"]
[White "Hiaja, Herve"]
[Black "Klawitter, Bernd"]
[Result "0-1"]
[WhiteElo "1334"]
[BlackElo "1488"]
[PlyCount "30"]
[EventDate "2003.??.??"]
[EventType "tourn (corr)"]
[EventRounds "6"]
[SourceTitle "Corr 2008"]
[Source "ChessBase"]
[SourceDate "2008.06.24"]
[SourceVersion "1"]
[SourceVersionDate "2008.06.24"]
[SourceQuality "1"]

1. e4 d5 2. exd5 Nf6 3. Nc3 Nxd5 4. Ne4 e6 5. Nf3 Be7 6. b3 Bf6 7. Nxf6+ Qxf6 8. Ba3 Bd7 9. Be2 Bc6 10. 0-0 Nd7 11. d4 0-0-0 12. c4 Nf4 13. Bb2 Qg6 14. g3 Nf6 15. h4 Nxe2+ 0-1

[Event "IECC KO email"]
[Site "IECC email"]
[Date "2002.06.08"]
[Round "?"]
[White "Hiaja, Herve"]
[Black "Tavani, Alberto"]
[Result "0-1"]
[WhiteElo "1372"]
[BlackElo "1479"]
[PlyCount "78"]
[EventDate "2002.??.??"]
[EventType "tourn (corr)"]
[EventRounds "6"]
[SourceTitle "Corr 2008"]
[Source "ChessBase"]
[SourceDate "2008.06.24"]
[SourceVersion "1"]
[SourceVersionDate "2008.06.24"]
[SourceQuality "1"]

1. e4 e5 2. Nf3 Nf6 3. Nxe5 d6 4. Nf3 Nxe4 5. d3 Nf6 6. Bg5 Be7 7. Be2 0-0 8. 0-0 Re8 9. Nbd2 Nd5 10. Ne4 Bxg5 11. Nexg5 Nc6 12. Qd2 Nf6 13. Rae1 h6 14. Ne4 Nxe4 15. dxe4 Qf6 16. c3 Rxe4 17. Bd3 Rxe1 18. Rxe1 Be6 19. b3 Re8 20. Bc2 Re7 21. Qd3 g6 22. Qd2 Bg4 23. Rxe7 Nxe7 24. Nd4 c5 25. Nb5 d5 26. h3 a6 27. Nc7 Bc8 28. Nxd5 Nxd5 29. Qxd5 Qxc3 30. Bxg6 Qe1+ 31. Kh2 Be6 32. Qd8+ Kg7 33. Bc2 Qxf2 34. Qd3 Kf6 35. a3 Ke5 36. Qe4+ Kd6 37. b4 c4 38. Bd1 Bd5 39. Qg4 c3 0-1

[Event "IECC KO email"]
[Site "IECC email"]
[Date "2002.06.08"]
[Round "?"]
[White "Tavani, Alberto"]
[Black "Hiaja, Herve"]
[Result "1-0"]
[WhiteElo "1420"]
[BlackElo "1340"]
[PlyCount "31"]
[EventDate "2002.??.??"]
[EventType "tourn (corr)"]
[EventRounds "6"]
[SourceTitle "Corr 2008"]
[Source "ChessBase"]
[SourceDate "2008.06.24"]
[SourceVersion "1"]
[SourceVersionDate "2008.06.24"]
[SourceQuality "1"]

1. e4 e5 2. Nf3 Nc6 3. Bc4 Bc5 4. b4 Bxb4 5. c3 Be7 6. d4 exd4 7. Qb3 d6 8. Bxf7+ Kf8 9. Bxg8 Rxg8 10. cxd4 Rb8 11. Nbd2 Bf6 12. Bb2 Bg4 13. 0-0 Qd7 14. Rac1 Ke7 15. e5 dxe5 16. Ba3+ 1-0

[Event "IECC KO email"]
[Site "IECC email"]
[Date "2002.05.31"]
[Round "?"]
[White "Butcher, Matt"]
[Black "Hiaja, Herve"]
[Result "0-1"]
[WhiteElo "1446"]
[BlackElo "1328"]
[PlyCount "54"]
[EventDate "2002.??.??"]
[EventType "tourn (corr)"]
[EventRounds "6"]
[SourceTitle "Corr 2008"]
[Source "ChessBase"]
[SourceDate "2008.06.24"]
[SourceVersion "1"]
[SourceVersionDate "2008.06.24"]
[SourceQuality "1"]

1. e4 e5 2. d4 exd4 3. Qxd4 Nc6 4. Qc4 d6 5. c3 Be6 6. Qe2 Nf6 7. f3 Be7 8. Bg5 h6 9. Bxf6 Bxf6 10. Nd2 Qe7 11. a3 0-0 12. Nh3 Bxh3 13. gxh3 Bh4+ 14. Kd1 f5 15. exf5 Rxf5 16. Qxe7 Nxe7 17. Nc4 Rxf3 18. Bg2 Rf4 19. Ne3 Raf8 20. Bxb7 Rf2 21. Nd5 Nxd5 22. Bxd5+ Kh8 23. Rc1 Rxb2 24. Rc2 Rb1+ 25. Rc1 Rfb8 26. Kc2 R8b2+ 27. Kd1 Bg5 0-1

[Event "IECC CL6-2002.18"]
[Site "IECC email"]
[Date "2002.05.25"]
[Round "?"]
[White "Kowalski, Boleslaw"]
[Black "Hiaja, Herve"]
[Result "1-0"]
[WhiteElo "1484"]
[BlackElo "1350"]
[PlyCount "37"]
[EventDate "2002.??.??"]
[EventType "tourn (corr)"]
[EventRounds "4"]
[SourceTitle "Corr 2008"]
[Source "ChessBase"]
[SourceDate "2008.06.24"]
[SourceVersion "1"]
[SourceVersionDate "2008.06.24"]
[SourceQuality "1"]

1. e4 e5 2. Nf3 Nc6 3. Bc4 Bc5 4. c3 Nf6 5. d4 exd4 6. cxd4 Bb4+ 7. Nc3 d6 8. 0-0 h6 9. d5 Bxc3 10. dxc6 Be5 11. Qb3 bxc6 12. Bxf7+ Kf8 13. Nxe5 dxe5 14. Bg6 Qe7 15. Be3 Qe6 16. Bc5+ Kg8 17. Rfd1 Bd7 18. Qb7 Rc8 19. Qxc8+ 1-0

[Event "IECC KO email"]
[Site "IECC email"]
[Date "2002.03.11"]
[Round "?"]
[White "Bernier, Denis"]
[Black "Hiaja, Herve"]
[Result "0-1"]
[WhiteElo "1207"]
[BlackElo "1332"]
[PlyCount "88"]
[EventDate "2002.??.??"]
[EventType "tourn (corr)"]
[EventRounds "6"]
[SourceTitle "Corr 2008"]
[Source "ChessBase"]
[SourceDate "2008.06.24"]
[SourceVersion "1"]
[SourceVersionDate "2008.06.24"]
[SourceQuality "1"]

1. e4 e5 2. Nf3 Nc6 3. b3 Nf6 4. Nc3 Bc5 5. h3 d6 6. Bb5 0-0 7. d3 Be6 8. Na4 Bb6 9. 0-0 Nd7 10. c3 f5 11. Ng5 Bf7 12. Nxf7 Kxf7 13. Bc4+ Ke7 14. Qh5 Nf6 15. Bg5 Kd7 16. Nxb6+ axb6 17. Qf3 f4 18. d4 Qe7 19. d5 Na7 20. a4 h6 21. Bxf6 Qxf6 22. a5 b5 23. Be2 Rh8 24. a6 Rab8 25. b4 h5 26. c4 bxc4 27. Bxc4 b5 28. Be2 g5 29. Rfc1 g4 30. Qc3 c6 31. dxc6+ Kc7 32. hxg4 hxg4 33. Bxg4 Rbg8 34. f3 Rh6 35. Qa3 Rxg4 36. Qa5+ Kc8 37. fxg4 Qh8 38. Kf2 Rh2 39. Kf3 Qh4 40. Rg1 Qg3+ 41. Ke2 f3+ 42. Kf1 f2 43. Qb6 fxg1Q+ 44. Kxg1 Qxg2# 0-1

[Event "IECC CL6-2002.08"]
[Site "IECC email"]
[Date "2002.03.05"]
[Round "?"]
[White "Hiaja, Herve"]
[Black "Sloan, John"]
[Result "1-0"]
[WhiteElo "1318"]
[BlackElo "1243"]
[PlyCount "49"]
[EventDate "2002.??.??"]
[EventType "tourn (corr)"]
[EventRounds "4"]
[SourceTitle "Corr 2008"]
[Source "ChessBase"]
[SourceDate "2008.06.24"]
[SourceVersion "1"]
[SourceVersionDate "2008.06.24"]
[SourceQuality "1"]

1. e4 e6 2. d4 d5 3. exd5 exd5 4. Bd3 Nc6 5. c3 Nf6 6. Bf4 Bd6 7. Bg3 0-0 8. Ne2 Re8 9. 0-0 Ne4 10. Qc2 Bf5 11. Nd2 Nxd2 12. Qxd2 Bxd3 13. Qxd3 a6 14. Rfe1 Bxg3 15. Nxg3 Qd7 16. Qf3 Re6 17. Re2 Rae8 18. Rae1 Rxe2 19. Rxe2 Rxe2 20. Qxe2 Kf8 21. f3 Qe7 22. Kf2 Qh4 23. Qd3 Qxh2 24. Qf5 Ne7 25. Qd7 1-0

[Event "IECC CL6-2002.08"]
[Site "IECC email"]
[Date "2002.03.05"]
[Round "?"]
[White "Soule, Larry P"]
[Black "Hiaja, Herve"]
[Result "1/2-1/2"]
[WhiteElo "1155"]
[BlackElo "1325"]
[PlyCount "73"]
[EventDate "2002.??.??"]
[EventType "tourn (corr)"]
[EventRounds "4"]
[SourceTitle "Corr 2008"]
[Source "ChessBase"]
[SourceDate "2008.06.24"]
[SourceVersion "1"]
[SourceVersionDate "2008.06.24"]
[SourceQuality "1"]

1. e4 e5 2. Nf3 Nc6 3. Bb5 a6 4. Ba4 Nf6 5. 0-0 Be7 6. Re1 b5 7. Bb3 0-0 8. a4 b4 9. d3 a5 10. Nbd2 d6 11. h3 Be6 12. Bc4 Nd4 13. Nxd4 exd4 14. e5 Nd5 15. Qf3 c6 16. exd6 Bxd6 17. Ne4 Qc7 18. Nxd6 Qxd6 19. Re4 c5 20. Bg5 Rae8 21. Rae1 Nc7 22. Qg3 Qxg3 23. fxg3 Bxc4 24. dxc4 Rxe4 25. Rxe4 Ne6 26. Be7 Rc8 27. Re5 Rc6 28. g4 f6 29. Rd5 Kf7 30. Bd6 g6 31. Kf2 Ng5 32. Ke2 Ne4 33. Bf4 Ke7 34. Kd3 Nf2+ 35. Ke2 Ne4 36. Kd3 Nf2+ 37. Ke2 1/2-1/2

[Event "IECC KO email"]
[Site "IECC email"]
[Date "2002.02.27"]
[Round "?"]
[White "Hiaja, Herve"]
[Black "Schalkwijk, Peter H"]
[Result "0-1"]
[WhiteElo "1318"]
[BlackElo "1697"]
[PlyCount "42"]
[EventDate "2002.??.??"]
[EventType "tourn (corr)"]
[EventRounds "6"]
[SourceTitle "Corr 2008"]
[Source "ChessBase"]
[SourceDate "2008.06.24"]
[SourceVersion "1"]
[SourceVersionDate "2008.06.24"]
[SourceQuality "1"]

1. e4 d6 2. d4 Nf6 3. Bd3 e5 4. c3 d5 5. Nd2 exd4 6. cxd4 dxe4 7. Nxe4 Bb4+ 8. Nc3 0-0 9. Nge2 Re8 10. 0-0 Nc6 11. Be3 Bg4 12. Qc2 a6 13. Rad1 Ba5 14. a3 Qd6 15. Qc1 Bb6 16. Na4 Bxe2 17. Bxe2 Nxd4 18. Bxd4 Bxd4 19. Bf3 Rad8 20. Rd2 Qf4 21. Rfd1 Rd6 0-1

[Event "IECC M email"]
[Site "IECC email"]
[Date "2002.01.23"]
[Round "?"]
[White "Agnew, George Hartwell"]
[Black "Hiaja, Herve"]
[Result "0-1"]
[WhiteElo "1133"]
[BlackElo "1330"]
[PlyCount "116"]
[EventDate "2002.??.??"]
[EventType "tourn (corr)"]
[EventRounds "6"]
[SourceTitle "Corr 2008"]
[Source "ChessBase"]
[SourceDate "2008.06.24"]
[SourceVersion "1"]
[SourceVersionDate "2008.06.24"]
[SourceQuality "1"]

1. e4 e5 2. Bc4 Bc5 3. c3 Nc6 4. d3 d6 5. Ne2 Bg4 6. 0-0 Qf6 7. h3 Bh5 8. a4 a6 9. b4 Ba7 10. Be3 Nge7 11. g4 Bg6 12. Ng3 Qh4 13. Bxa7 Rxa7 14. Kg2 h5 15. Nd2 hxg4 16. hxg4 Qh2+ 17. Kf3 Qh6 18. Ke2 Qf4 19. Ke1 Rh4 20. Nf5 Bxf5 21. gxf5 g6 22. fxg6 Nxg6 23. Qe2 Qf6 24. Qe3 Nf4 25. Kd1 Rh3 26. f3 Ra8 27. Kc2 Ke7 28. Rf2 Rg8 29. b5 Na5 30. Ba2 b6 31. bxa6 Ra8 32. Bc4 Nxc4 33. Nxc4 Rxa6 34. Qe1 Qh6 35. Nb2 Rh2 36. d4 b5 37. Rxh2 Qxh2+ 38. Kb3 bxa4+ 39. Rxa4 Rxa4 40. Nxa4 Qe2 41. Qh4+ Kd7 42. Qg4+ Kd8 43. Qg5+ Kc8 44. Qg4+ Kb7 45. dxe5 Nd3 46. Qd7 Qd1+ 47. Ka3 Qa1+ 48. Kb3 Qb1+ 49. Ka3 Nxe5 50. Nc5+ dxc5 51. Qd5+ Nc6 52. Qxf7 Qb5 53. Qb3 Qxb3+ 54. Kxb3 Nd8 55. c4 Ne6 56. e5 Nd4+ 57. Kc3 Nxf3 58. e6 Kc6 0-1

[Event "IECC Swiss email"]
[Site "IECC email"]
[Date "2002.01.13"]
[Round "?"]
[White "Hiaja, Herve"]
[Black "Conley, Sam"]
[Result "1-0"]
[WhiteElo "1330"]
[BlackElo "1204"]
[PlyCount "79"]
[EventDate "2002.??.??"]
[EventType "tourn (corr)"]
[EventRounds "6"]
[SourceTitle "Corr 2008"]
[Source "ChessBase"]
[SourceDate "2008.06.24"]
[SourceVersion "1"]
[SourceVersionDate "2008.06.24"]
[SourceQuality "1"]

1. e4 e5 2. Nf3 Nc6 3. Bb5 Nf6 4. 0-0 d6 5. d4 Bd7 6. Re1 Be7 7. a4 exd4 8. Nxd4 0-0 9. Bg5 a6 10. Nxc6 bxc6 11. Bd3 Re8 12. Nd2 Ng4 13. Be3 Nxe3 14. Rxe3 Rb8 15. Rb1 Bc8 16. Qh5 c5 17. e5 g6 18. Qf3 Bb7 19. Qe2 Bf8 20. exd6 Qg5 21. Ne4 Bxe4 22. Rxe4 Rxe4 23. Qxe4 cxd6 24. Bc4 Qf6 25. b3 a5 26. Re1 Qd8 27. Re3 Rc8 28. h4 Rc7 29. Qg4 Re7 30. Rg3 Re1+ 31. Kh2 d5 32. Bd3 Bd6 33. f4 Qf6 34. Rf3 Qd4 35. h5 Qg1+ 36. Kg3 Qh1 37. hxg6 hxg6 38. Bxg6 Bxf4+ 39. Qxf4 Re7 40. Bxf7+ 1-0

[Event "IECC KO email"]
[Site "IECC email"]
[Date "2001.02.26"]
[Round "?"]
[White "Neil, George"]
[Black "Hiaja, Herve"]
[Result "0-1"]
[WhiteElo "972"]
[BlackElo "1266"]
[PlyCount "62"]
[EventDate "2001.??.??"]
[EventType "tourn (corr)"]
[EventRounds "6"]
[SourceTitle "Corr 2008"]
[Source "ChessBase"]
[SourceDate "2008.06.24"]
[SourceVersion "1"]
[SourceVersionDate "2008.06.24"]
[SourceQuality "1"]

1. e4 e5 2. Nf3 Nc6 3. Bc4 Bc5 4. 0-0 Nf6 5. Nc3 d6 6. Re1 Be6 7. d3 Qe7 8. Bb5 a6 9. Bc4 b5 10. Bb3 0-0 11. Bg5 h6 12. Nd5 Bxd5 13. Bxd5 Qd7 14. Bh4 Rab8 15. a3 Nxd5 16. exd5 Ne7 17. Qd2 Nxd5 18. c4 Nf4 19. b4 Bb6 20. c5 Ba7 21. d4 Qg4 22. Bg3 Ne6 23. d5 Ng5 24. h3 Nxf3+ 25. gxf3 Qxf3 26. Re3 Qf5 27. Kg2 h5 28. Rf3 Qg6 29. h4 f5 30. Qg5 Qxg5 31. hxg5 f4 0-1

[Event "IECC M email"]
[Site "IECC email"]
[Date "2001.02.21"]
[Round "?"]
[White "Mathes, Christian"]
[Black "Hiaja, Herve"]
[Result "0-1"]
[WhiteElo "1096"]
[BlackElo "1237"]
[PlyCount "54"]
[EventDate "2001.??.??"]
[EventType "tourn (corr)"]
[EventRounds "6"]
[SourceTitle "Corr 2008"]
[Source "ChessBase"]
[SourceDate "2008.06.24"]
[SourceVersion "1"]
[SourceVersionDate "2008.06.24"]
[SourceQuality "1"]

1. d4 d5 2. c4 e6 3. Nc3 Nf6 4. Bg5 Be7 5. Nf3 h6 6. Bh4 0-0 7. e3 Nbd7 8. Rc1 c6 9. Bd3 Re8 10. 0-0 Nf8 11. Ne5 N6d7 12. Bxe7 Qxe7 13. f4 f6 14. Ng6 Nxg6 15. Bxg6 Rd8 16. cxd5 exd5 17. Rf3 Nf8 18. Bb1 Bg4 19. a3 Bxf3 20. Qxf3 Re8 21. Re1 Qf7 22. Re2 Re7 23. g4 Rae8 24. e4 dxe4 25. Nxe4 Qd5 26. Kg2 Qxd4 27. Rd2 Qb6 0-1